Wiley survival guide in global telecommunications : Signaling principles, network protocols, and wireless systems
The book provides a comprehensive approach to telecom accessible to a broad audience. Each chapter concludes with a summary and exercises with solutions in some cases. Advanced equations requiring math background to appear only in the Appendix, and references are limited to books and review papers d...
Bewaard in:
| Hoofdauteur: | |
|---|---|
| Formaat: | Boek |
| Taal: | Undetermined |
| Gepubliceerd in: |
Hoboken, N.J.
Wiley-Interscience
2004
|
| Onderwerpen: | |
| Tags: |
Voeg label toe
Geen labels, Wees de eerste die dit record labelt!
|
| Thư viện lưu trữ: | Trung tâm Học liệu Trường Đại học Cần Thơ |
|---|
| LEADER | 01059nam a2200217Ia 4500 | ||
|---|---|---|---|
| 001 | CTU_165691 | ||
| 008 | 210402s9999 xx 000 0 und d | ||
| 020 | |c 99.95 | ||
| 082 | |a 621.3822 | ||
| 082 | |b D441 | ||
| 100 | |a Desurvire, Emmanuel | ||
| 245 | 0 | |a Wiley survival guide in global telecommunications : | |
| 245 | 0 | |b Signaling principles, network protocols, and wireless systems | |
| 245 | 0 | |c Emmanuel Desurvire | |
| 260 | |a Hoboken, N.J. | ||
| 260 | |b Wiley-Interscience | ||
| 260 | |c 2004 | ||
| 520 | |a The book provides a comprehensive approach to telecom accessible to a broad audience. Each chapter concludes with a summary and exercises with solutions in some cases. Advanced equations requiring math background to appear only in the Appendix, and references are limited to books and review papers deemed accessible to the book’s intended broad audience. | ||
| 650 | |a Signal processing,Computer networks,Xử lý tín hiệu,Mạng máy tính | ||
| 904 | |i Trọng Hải | ||
| 980 | |a Trung tâm Học liệu Trường Đại học Cần Thơ | ||